Study Speaking A course in spoken English for academic purposes
Na minha lista:
| Autor principal: | |
|---|---|
| Outros Autores: | , |
| Formato: | Cassete Livro |
| Idioma: | inglês |
| Publicado em: |
Cambridge
Cambridge University Press
2004
|
| Edição: | 2nd ed. |
| Assuntos: | |
| Acesso em linha: | View in OPAC |
| Tags: |
Sem tags, seja o primeiro a adicionar uma tag!
|
MARC
| LEADER | 00000nam a2200000 a 4500 | ||
|---|---|---|---|
| 005 | 20260127134206.0 | ||
| 007 | ss | ||
| 008 | 050419 2004 enk 000 0 eng d | ||
| 020 | |a 0521537185 | ||
| 035 | |a vtls001560623 | ||
| 039 | 9 | |y 200504191124 |z mschk03 | |
| 040 | |a STUSCHK1 |b slo |c STUSCHK1 |e AACR2 | ||
| 080 | |a 802.0 | ||
| 100 | 1 | |a Anderson, Kenneth | |
| 245 | 1 | |a Study Speaking |b A course in spoken English for academic purposes | |
| 250 | |a 2nd ed. | ||
| 260 | |a Cambridge |b Cambridge University Press |c 2004 | ||
| 650 | 0 | |a angličtina | |
| 700 | 1 | |a Maclean, Joan | |
| 700 | 1 | |a Lynch, Tony | |
| 910 | |a SCHK95 | ||
| 919 | |a 0-521-53718-5 | ||
| 999 | |c 6305 |d 6305 | ||